| 000 | 00443nam a22001937a 4500 | ||
|---|---|---|---|
| 003 | OSt | ||
| 005 | 20211002103403.0 | ||
| 008 | 211002b |||||||| |||| 00| 0 eng d | ||
| 020 | _a139781256815150 | ||
| 040 | _cHU | ||
| 050 | _a1 | ||
| 082 | _a658.4/MIL | ||
| 100 |
_aMICHAEL MILLER _99285 |
||
| 245 | _aBUSINESS COMPUTING CONCEPTS AND APPLICATIONS | ||
| 250 | _a1 | ||
| 260 |
_aUSA _bINC _c2010 |
||
| 300 | _a386 | ||
| 942 |
_2ddc _cBOOKS _n0 |
||
| 999 |
_c8667 _d8667 |
||